Calendrier de l'Avent imagé de naissance de personnalités - Statistiques

Statistiques générales
  • Ce quiz a été pris 1 271 fois
  • Le résultat moyen est 14 sur 24
Statistiques - réponses
Par images Hint Réponse % Correct
2 décembre Philippe Etchebest
95%
21 décembre Emmanuel Macron
94%
3 décembre Angèle
93%
20 décembre Kylian Mbappé
93%
17 décembre François
82%
13 décembre Taylor Swift
81%
22 décembre Vanessa Paradis
80%
8 décembre Sébastien Chabal
79%
19 décembre Edith Piaf
76%
9 décembre Booba
74%
16 décembre Ludwig van Beethoven
64%
23 décembre Carla Bruni
62%
1er décembre Pablo Escobar
60%
18 décembre Laurent Voulzy
58%
24 décembre Roselyne Bachelot
53%
11 décembre Enrico Macias
47%
7 décembre Yaël Braun-Pivet
39%
10 décembre Jonas Vingegaard
31%
5 décembre Walt Disney
29%
12 décembre Gustave Flaubert
26%
14 décembre Jane Birkin
26%
4 décembre Francisco Franco
25%
15 décembre Néron
23%
6 décembre Waly Dia
22%
Aucun quiz correspondant
Distribution des résultats
% des personnes avec chaque résultat
Percentile par nombre de réponses
Votre historique - résultats
Vous n’avez pas pris ce quiz